LEADER 02906nam 2200649 a 450 001 9910455537903321 005 20200520144314.0 010 $a1-282-35624-0 010 $a9786612356247 010 $a0-520-91602-6 024 7 $a10.1525/9780520916029 035 $a(CKB)1000000000765552 035 $a(EBL)470873 035 $a(OCoLC)609849970 035 $a(SSID)ssj0000350868 035 $a(PQKBManifestationID)11303880 035 $a(PQKBTitleCode)TC0000350868 035 $a(PQKBWorkID)10361157 035 $a(PQKB)11155852 035 $a(StDuBDS)EDZ0000055741 035 $a(MiAaPQ)EBC470873 035 $a(OCoLC)777464097 035 $a(MdBmJHUP)muse31080 035 $a(DE-B1597)519434 035 $a(DE-B1597)9780520916029 035 $a(Au-PeEL)EBL470873 035 $a(CaPaEBR)ebr10676201 035 $a(CaONFJC)MIL235624 035 $a(EXLCZ)991000000000765552 100 $a20001003d2000 uy 0 101 0 $aeng 135 $aur|n|---||||| 181 $ctxt 182 $cc 183 $acr 200 10$aTaxonomy and distribution of the calanoid copepod family Heterorhabdidae$b[electronic resource] /$fTaisoo Park 210 $aBerkeley $cUniversity of California Press$dc2000 215 $a1 online resource (284 p.) 225 1 $aBulletin of the Scripps Institution of Oceanography, University of California, San Diego ;$vv. 31 300 $aDescription based upon print version of record. 311 $a0-520-09842-0 320 $aIncludes bibliographical references (p. 147-150). 327 $tFrontmatter -- $tCONTENTS -- $tABSTRACT -- $tACKNOWLEDGMENTS -- $tINTRODUCTION -- $tMATERIALS AND METHODS -- $tFAMILY HETERORHABDIDAE SARS 1902 -- $tGENUS DISSETA GIESBRECHT 1889 -- $tGENUS MESORHABDUS SARS 1905 -- $tGENUS HETEROSTYLITIES SARS 1920 -- $tGENUS HEMIRHABDUS WOLFENDEN 1911 -- $tGENUS NEORHABDUS HEPTNER 1972 -- $tGENUS PARAHETERORHABDUS BRODSKY 1950 -- $tGENUS HETERORHABDUS GIESBRECHT 1898 -- $tPHYLOGENY -- $tDISTRIBUTION -- $tLITERATURE CITED -- $tFIGURES 330 $aIn this revision of the calanoid copepod family Heterorhabdidae, 7 genera and 59 species are recognized, and 25 species are described as new. Included are keys to the genera and descriptions and illustrations of all species. A hypothesis of phylogenetic relationships is presented, and the geographic distribution of the species is discussed. 410 0$aBulletin of the Scripps Institution of Oceanography, La Jolla, California ;$vv. 31. 606 $aHeterorhabdidae$vClassification 608 $aElectronic books. 615 0$aHeterorhabdidae 676 $a595.3/4 700 $aPark$b Taisoo$01048240 801 0$bMiAaPQ 801 1$bMiAaPQ 801 2$bMiAaPQ 906 $aBOOK 912 $a9910455537903321 996 $aTaxonomy and distribution of the calanoid copepod family Heterorhabdidae$92476410 997 $aUNINA LEADER 01677nas 2200553-a 450 001 996208145503316 005 20240413022525.0 011 $a1447-2546 024 8 $aISSN/SEP2002 035 $a(CKB)110978977743669 035 $a(CONSER)sn-99047359- 035 $a(EXLCZ)99110978977743669 100 $a19991001b19992012 -b- a 101 0 $aeng 181 $ctxt$2rdacontent 182 $cn$2rdamedia 183 $anc$2rdacarrier 200 00$aMemoirs of Museum Victoria 210 $aMelbourne, Australia $cMuseums Board of Victoria$dc1999-2012 215 $a1 online resource 300 $aRefereed/Peer-reviewed 311 $aPrint version: Memoirs of Museum Victoria. (DLC)sn 99047359 (OCoLC)42470834 0814-1827 531 $aMUSEUM OF VICTORIA MEMOIRS 531 $aMEM MUS VIC 606 $aGeology$zAustralia$vPeriodicals 606 $aPaleontology$zAustralia$vPeriodicals 606 $aAnimals$zAustralia$vPeriodicals 606 $aZoology$zAustralia$vPeriodicals 606 $aAnimals$2fast$3(OCoLC)fst00809468 606 $aGeology$2fast$3(OCoLC)fst00940627 606 $aPaleontology$2fast$3(OCoLC)fst01051513 606 $aZoology$2fast$3(OCoLC)fst01184696 607 $aAustralia$2fast 608 $aPeriodicals.$2fast 615 0$aGeology 615 0$aPaleontology 615 0$aAnimals 615 0$aZoology 615 7$aAnimals. 615 7$aGeology. 615 7$aPaleontology. 615 7$aZoology. 676 $a591.994 712 02$aMuseum Victoria. 906 $aJOURNAL 912 $a996208145503316 920 $aexl_impl conversion 996 $aMemoirs of Museum Victoria$9791505 997 $aUNISA